<?xml version="1.0" encoding="UTF-8"?>
<record
    xmlns:xsi="http://www.w3.org/2001/XMLSchema-instance"
    xsi:schemaLocation="http://www.loc.gov/MARC21/slim http://www.loc.gov/standards/marcxml/schema/MARC21slim.xsd"
    xmlns="http://www.loc.gov/MARC21/slim">

  <leader>01807cam a2200289 a 4500</leader>
  <controlfield tag="001">13172750</controlfield>
  <controlfield tag="005">20220326193309.0</controlfield>
  <controlfield tag="008">030422s2003    nyua     b    000 0 eng  </controlfield>
  <datafield tag="010" ind1=" " ind2=" ">
    <subfield code="a">  2003009394</subfield>
  </datafield>
  <datafield tag="020" ind1=" " ind2=" ">
    <subfield code="a">0874271347</subfield>
  </datafield>
  <datafield tag="040" ind1=" " ind2=" ">
    <subfield code="a">DLC</subfield>
    <subfield code="c">DLC</subfield>
    <subfield code="d">DLC</subfield>
  </datafield>
  <datafield tag="043" ind1=" " ind2=" ">
    <subfield code="a">n-us---</subfield>
  </datafield>
  <datafield tag="082" ind1="0" ind2="0">
    <subfield code="a">700.904.9</subfield>
    <subfield code="b">R579a</subfield>
  </datafield>
  <datafield tag="100" ind1=" " ind2=" ">
    <subfield code="a">Rinder, Lawrence.</subfield>
    <subfield code="9">1973</subfield>
  </datafield>
  <datafield tag="245" ind1="0" ind2="4">
    <subfield code="a">The American effect :</subfield>
    <subfield code="b">global perspectives on the United States, 1990-2003 /</subfield>
    <subfield code="c">Lawrence Rinder ... [et al.].</subfield>
  </datafield>
  <datafield tag="260" ind1=" " ind2=" ">
    <subfield code="a">New York :</subfield>
    <subfield code="b">Whitney Museum of American Art :</subfield>
    <subfield code="b">Distributed by Harry N. Abrams,</subfield>
    <subfield code="c">c2003.</subfield>
  </datafield>
  <datafield tag="300" ind1=" " ind2=" ">
    <subfield code="a">215 p. :</subfield>
    <subfield code="b">ill. (some col.) ;</subfield>
    <subfield code="c">30 cm.</subfield>
  </datafield>
  <datafield tag="500" ind1=" " ind2=" ">
    <subfield code="a">Published on the occasion of the exhibition of the same name held at the Whitney Museum of American Art, New York, July 3-October 12, 2003. Includes list of works in the exhibition and artists' biographies.</subfield>
  </datafield>
  <datafield tag="504" ind1=" " ind2=" ">
    <subfield code="a">Includes bibliographical references (p. 189-193).</subfield>
  </datafield>
  <datafield tag="505" ind1=" " ind2=" ">
    <subfield code="t">Artis index</subfield>
    <subfield code="t">Foreword</subfield>
    <subfield code="r">Maxwell L. Anderson</subfield>
    <subfield code="t">Selected Biography</subfield>
    <subfield code="r">Sean Rocha</subfield>
    <subfield code="t">Works in the exhibition </subfield>
    <subfield code="t">Artists&#xB4; Biography</subfield>
    <subfield code="t">Acknowledments</subfield>
    <subfield code="r">Lawrence  Rinder </subfield>
    <subfield code="t">The american effect </subfield>
    <subfield code="r">Lawrence  Rinder </subfield>
    <subfield code="t">Freedom</subfield>
    <subfield code="r">Pramoedya Ananta Toer </subfield>
    <subfield code="t">Abundance</subfield>
    <subfield code="r">Luca Sante </subfield>
    <subfield code="t">American Tribalism</subfield>
    <subfield code="r">Caryl Phillips </subfield>
    <subfield code="t">Exile and Resistance </subfield>
    <subfield code="r">Nawal El Saadawi</subfield>
    <subfield code="t">Hegemony</subfield>
    <subfield code="r">Tariq Ali </subfield>
    <subfield code="t">How I met America </subfield>
    <subfield code="r">Aleksander Zograf </subfield>
    <subfield code="t">Sweet Violence </subfield>
    <subfield code="r">Ian Buruma</subfield>
    <subfield code="t">Global Crisis Over Iraq </subfield>
    <subfield code="r">Edward Said</subfield>
    <subfield code="t">Amerizanization, Hispanization </subfield>
    <subfield code="r">Elena Poniatowska</subfield>
  </datafield>
  <datafield tag="650" ind1=" " ind2="0">
    <subfield code="a">Civilization, Modern</subfield>
    <subfield code="x">American influences.</subfield>
    <subfield code="9">1974</subfield>
  </datafield>
  <datafield tag="651" ind1=" " ind2="0">
    <subfield code="a">United States</subfield>
    <subfield code="v">In art.</subfield>
    <subfield code="9">1975</subfield>
  </datafield>
  <datafield tag="700" ind1="1" ind2=" ">
    <subfield code="a">Rinder, Lawrence.</subfield>
    <subfield code="9">1976</subfield>
  </datafield>
  <datafield tag="710" ind1="2" ind2=" ">
    <subfield code="a">Whitney Museum of American Art.</subfield>
    <subfield code="9">1977</subfield>
  </datafield>
  <datafield tag="906" ind1=" " ind2=" ">
    <subfield code="a">7</subfield>
    <subfield code="b">cbc</subfield>
    <subfield code="c">orignew</subfield>
    <subfield code="d">1</subfield>
    <subfield code="e">ecip</subfield>
    <subfield code="f">20</subfield>
    <subfield code="g">y-gencatlg</subfield>
  </datafield>
  <datafield tag="999" ind1=" " ind2=" ">
    <subfield code="c">411</subfield>
    <subfield code="d">411</subfield>
  </datafield>
  <datafield tag="952" ind1=" " ind2=" ">
    <subfield code="0">0</subfield>
    <subfield code="1">0</subfield>
    <subfield code="2">ddc</subfield>
    <subfield code="4">0</subfield>
    <subfield code="7">0</subfield>
    <subfield code="a">LV</subfield>
    <subfield code="b">LV</subfield>
    <subfield code="c">Colectivas</subfield>
    <subfield code="d">2015-01-23</subfield>
    <subfield code="l">0</subfield>
    <subfield code="o">700.904.9 R579a</subfield>
    <subfield code="p">000446</subfield>
    <subfield code="r">2015-01-23 00:00:00</subfield>
    <subfield code="w">2015-01-23</subfield>
    <subfield code="y">01</subfield>
  </datafield>
</record>
